| 000 | 01106nam1a2200265 i 4500 | ||
|---|---|---|---|
| 001 | RU\NLR\bibl\1750538 | ||
| 005 | 20241103055923.0 | ||
| 035 | _a(NLR Aleph) 001741400 | ||
| 090 |
_a1461666 _c1461666 |
||
| 100 | _a20110324g20099999u y0rusy50 ca | ||
| 101 | 1 |
_arus _ceng |
|
| 102 | _aRU | ||
| 105 | _a||||z ||||| | ||
| 200 | 1 |
_aМагический кристалл _eболее 200 целительных камней _e[иллюстрированный справочник-определитель] _fДжуди Холл _g[пер. с англ. В.Е. Венюковой] |
|
| 210 |
_aМосква _cКладезь-Букс _d2009 |
||
| 215 | _d17 | ||
| 463 | 0 | _10011510342 | |
| 606 |
_aКристаллы _jСправочники _xЛечебное применение _92132248 _3RU\NLR\auth\661286234 |
||
| 686 | _aР358.9я2 | ||
| 700 | 1 |
_aХолл _bД. _gДжуди _4070 |
|
| 801 | 0 |
_aRU _bNLR _c20110324 _gRCR |
|
| 801 | 1 |
_aRU _bNLR _c20110324 |
|
| 852 |
_aNLR _j2010-2/1813 |
||
| 942 | _cBOOK | ||